| 000 | 01448nam a22002417a 4500 | ||
|---|---|---|---|
| 001 | sjds170003 | ||
| 003 | sjds | ||
| 005 | 20170207152503.0 | ||
| 008 | 170207b nyu||||| |||| 00| 0 spa d | ||
| 020 |
_a9781101873212 _q(pbk.) |
||
| 040 | _csjds | ||
| 041 |
_aspa _heng |
||
| 100 | _aShannon, Samantha | ||
| 245 | 1 | 3 |
_aLa era de huesos _cSamantha Shannon ; traducción de Gemma Rovira. |
| 260 |
_aNueva York : _bVintage Español, una división de Random House LLC, _cc2014 |
||
| 300 |
_a523 pages : _bmap ; _c21 cm |
||
| 520 | _aEn el año 2059, un siniestro régimen totalitario domina el planeta y los pocos clarividentes son perseguidos por delincuentes. Lo que no saben las masas es que sus dirigentes se han aliando con una fuerza aún más insidiosa, asentada en una cuidad secreta. Paige Mahoney, de diecinueve años, trabaja para una poderosa organización del hampa londinense. Paige es fuerte, rápida y tiene un don excepcional: es capaz de entrar en los pensamientos de los demás. En esta sociedad represiva cualquier acto de espiritismo ya es ilegal. Pero Paige comete alta traición por el simple hecho de respirar. En un mundo en el que los sueños están prohibidos, una joven luchará por su libertad, su vida y el futuro de la humanidad." -- page 4 of cover. | ||
| 650 |
_aYoung women _vFiction |
||
| 650 |
_aClairvoyants _vFiction |
||
| 651 |
_aLondon (England) _vFiction |
||
| 730 |
_aBone season. _lspa |
||
| 942 | _cBK | ||
| 999 |
_c16484 _d16484 |
||